00763nam a22002057a 450000500170000001000150001702000260003203500130005803700130007108200180008410000200010224500960012226000380021827000500025630000190030650000400032594200320036599900170039795201430041420130514114421.0 aENG-107103 a9789350700112c380.00 aEN-90636 bDBAD/PUB a378.198095475 aAgrawal, Sarita10aGlobalization and academic performance of higher education institution /cby Sarita Agrawal aHaryanabShanti Prakashanc(201?) a1780, Sector-1, Delhi By-passbRohtake124001 a96p.c22cm(Hb) aIncludes bibliographical references 2ddccENmAGRh378.198095475 c75444d75444 001040718NFICaDBADbDBADd2013-05-10eDBAD/PUBg380.00l0o378.198095475 AGRpEN-90636r2013-05-10 00:00:00t1v380.00w2013-05-10yEN